| 000 | 00567nam a2200241 a 4500 | ||
|---|---|---|---|
| 001 | nice12345678 | ||
| 003 | IN_TiNIC | ||
| 005 | 20260116011329.0 | ||
| 008 | 050524s1900 leia grp 000 0 fre | ||
| 020 |
_a _c100 |
||
| 082 | 0 | 0 |
_a892.71 _bGUI |
| 100 | _aGuidi, I | ||
| 245 | _aTables Alphabetiques Du Kitab Al-Aghani | ||
| 260 |
_aLeiden _bE. J. Brill _c1900 |
||
| 300 | _a769p | ||
| 500 | _aincludes index and biblioraphy | ||
| 505 | 2 | _aIllus | |
| 650 | _aArabic-Poetry Poets | ||
| 700 | 1 | _aGuidi, I | |
| 902 | _bRHR | ||
| 942 | _cBK | ||
| 999 |
_c567 _d567 |
||